Acta aerarii publici vedecký časopis Ekonomickej fakulty Univerzity Mateja Bela v Banskej Bystrici
Uložené v:
| Médium: | Seriál |
|---|---|
| Jazyk: | Slovak |
| Vydavateľské údaje: |
Banská Bystrica
Belianum
2022
|
| Tagy: |
Žiadne tagy, Buďte prvý, kto otaguje tento záznam!
|
MARC
| LEADER | 00000nas2a2200000 4500 | ||
|---|---|---|---|
| 001 | 0288457 | ||
| 005 | 20221025111046.5 | ||
| 022 | |a 1336-8818 | ||
| 041 | 0 | |a slo | |
| 044 | |a SK | ||
| 245 | 1 | 0 | |a Acta aerarii publici |b vedecký časopis Ekonomickej fakulty Univerzity Mateja Bela v Banskej Bystrici |
| 264 | 1 | |a Banská Bystrica |b Belianum |c 2022 | |
| 773 | 0 | |w eu_un_cat*0059483 | |